00365nam a2200145Ia 4500008004100000020001500041041000800056082001800064100001700082245003900099250000600138260005200144300001400196650000900210210716s2004 xx 000 0 und d a8120324730 aeng a004.6005 BUYJ aBuyens, Jim. aMicrosoft office: front page 2003. a1 aNew DelhibPrentice Hall of India PVt Ltdc2004 axIiv,1199 aNone